LEADER 01080nam--2200373---450- 001 990000901340203316 005 20050913133921.0 035 $a0090134 035 $aUSA010090134 035 $a(ALEPH)000090134USA01 035 $a0090134 100 $a20020124d1967----km-y0itay0103----ba 101 $ager 102 $aDE 105 $a||||||||001yy 200 1 $a<> Theologie Rudolf Bultmanns$eene Einführung$fvon Walter Schmithals 205 $a2., durchgesehene Aufl. 210 $aTübingen$cJ.C.B. Mohr$d1967 215 $a335 p$d23 cm 410 $12001 606 0 $aBultmann, Rudolf$xSaggi 676 $a922.443 700 1$aSCHMITHALS,$bWalter$0517464 801 0$aIT$bsalbc$gISBD 912 $a990000901340203316 951 $aII.2. 3631(II t B 460)$b102526 LM$cII t B 959 $aBK 969 $aUMA 979 $aPATTY$b90$c20020124$lUSA01$h1413 979 $c20020403$lUSA01$h1734 979 $aPATRY$b90$c20040406$lUSA01$h1702 979 $aCOPAT2$b90$c20050913$lUSA01$h1339 996 $aTheologie Rudolf Bultmanns$9849045 997 $aUNISA LEADER 01113nam2-2200373li-450 001 990000105360203316 005 20180312154757.0 010 $a88-453-0011-0 035 $a0010536 035 $aUSA010010536 035 $a(ALEPH)000010536USA01 035 $a0010536 100 $a20001109d1993----km-y0itay0103----ba 101 0 $aita 102 $aIT 200 1 $aCalcolo delle probabilità$e[500 problemi risolti]$fSeymour Lipschutz$g[traduzione diNanni Negro] 210 $aMilano$cEtas Libri$dcopyr. 1993 215 $a152 p.$cill.$d28 cm 225 2 $aCollana Schaum$v16 312 $aTrad. di: probability 410 0$10010010495$12001$aCollana Schaum 610 1 $aprobabilita' 700 1$aLipschutz,$bSeymour$01221 801 $aSistema bibliotecario di Ateneo dell' Università di Salerno$gRICA 912 $a990000105360203316 951 $a519.2 LIP$b0003773 959 $aBK 969 $aTEC 979 $c19940110 979 $c20001110$lUSA01$h1710 979 $c20020403$lUSA01$h1618 979 $aPATRY$b90$c20040406$lUSA01$h1608 996 $aProbability$929045 997 $aUNISA